Účelové financovanie výskumných a vývojových projektov v Slovenskej republike v roku 1992
Uložené v:
| Médium: | Kniha |
|---|---|
| Jazyk: | Slovak |
| Vydavateľské údaje: |
Bratislava
Štatistický úrad SR
1993
|
| Predmet: | |
| Tagy: |
Žiadne tagy, Buďte prvý, kto otaguje tento záznam!
|
MARC
| LEADER | 00000nam a2200000 4500 | ||
|---|---|---|---|
| 001 | c004124 | ||
| 005 | 20260225074252.0 | ||
| 041 | 0 | |a slo | |
| 044 | |a SK | ||
| 245 | 1 | 0 | |a Účelové financovanie výskumných a vývojových projektov v Slovenskej republike v roku 1992 |c Edita Novotná |
| 264 | 1 | |a Bratislava |b Štatistický úrad SR |c 1993 | |
| 300 | |a 14 s. | ||
| 610 | 2 | 0 | |a Slovensko |
| 610 | 2 | 0 | |a financovanie vývoja |
| 610 | 2 | 0 | |a financovanie výskumu |